000 00545cam a2200217ua 4500
001 6987
008 150623n ii |||gr||||Z||||||asm
040 _cMAIN
041 _aasm
082 _a324
100 _aDas, M.N.,
_eAuthor.
245 _aPashatyar rajnaitik chintadhara
_cBy M.N. Das
250 _a1st.
260 _aJorhat:
_bBidya bhawan,
_c2011.
300 _a332p.
653 _aThe political process
653 _aWestern political thought
700 _aGohain, Nabin,
_eAuthor.
700 _aDas, Deepan,
_eAuthor.
942 _cBK
999 _c6128
_d6128